00289nam a2200121Ia 4500008004100000041000800041082001200049100001700061245001400078260004400092300002400136365000700160240624s9999 xx 000 0 und d aeng a823 BAL aBALLE FREDDY aGOLD MINE c2005aNew DelhibProductivity & Quality a348 : p. : cm. ; 22 cRS